000 00825nam a2200253Ia 4500
003 OSt
005 20221005050853.0
006 a|||||r|||| 00| 0
007 ta
008 221004b |||||||| |||| 00| 0 eng d
020 _a9789004179912 (pbk)
_c2834.57
024 _a100185
037 _b28963, 24/12/2009, Segment Book Distributors
_cTextual
040 _aCRL
_cCRL
_beng
041 _2eng
_aeng
082 _aG:55.642, Q0
100 _aKreike Emmanuel
_9595322
245 0 _aDeforestation and reforestation in Namibia
_b Global consequences of local contradictions
260 _aLeiden
_bBrill
_c2010
300 _axiv,244p.
_ccm.
650 _aAFRICA - HISTORY
942 _hG:55.642, Q0
_cTEXL
_2cc
999 _c957881
_d957881